Expresiones campesinas y términos agrícolas usados en Chile
Gespeichert in:
| 1. Verfasser: | |
|---|---|
| Format: | Buch |
| Sprache: | Spanisch |
| Veröffentlicht: |
Valdivia
Universidad Austral de Chile
2010
|
| Ausgabe: | 1a. ed |
| Schlagworte: | |
| Tags: |
Tag hinzufügen
Keine Tags, Fügen Sie den ersten Tag hinzu!
|
MARC
| LEADER | 00000cam a2200000 a 4500 | ||
|---|---|---|---|
| 001 | UCC0605 | ||
| 003 | CL-VaPUC | ||
| 008 | 170825e20100000cl |||||||||||||||||spa|d | ||
| 020 | |a 9789567105434 | ||
| 082 | 0 | 4 | |a 630.3 |b MON |2 21 |
| 100 | |a Montaldo Bustos, Patricio Reinaldo |e autor |9 594586 | ||
| 245 | 1 | 0 | |a Expresiones campesinas y términos agrícolas usados en Chile |
| 250 | |a 1a. ed | ||
| 300 | |a 155 p | ||
| 942 | |c BK | ||
| 945 | |d 20170825 13:52:00 |a dcastane | ||
| 260 | |a Valdivia |b Universidad Austral de Chile |c 2010 | ||
| 650 | 0 | |a Diccionarios |9 256200 | |
| 650 | 0 | |a Agricultura |9 255598 | |
| 583 | |a last modification |c 20170825 13:52:00 |k Rodrigo Vera | ||
| 999 | |c 369385 |d 369383 | ||
| 952 | |0 0 |1 0 |3 erb |4 0 |6 630_300000000000000_MON_2010 |7 0 |8 A |9 485149 |a BIBAGR |b BIBAGR |i 5417686 |o 630.3 MON 2010 |p 5417686 |r 2025-01-20 |w 2019-11-24 |y BK |z Catalogado en:20170825 |k AGR | ||